000 00207nam a22000857a 4500
001 1235328
005 20250930124205.0
245 _aSESSİZ YÜREK
_cNECATİ GÜNGOR
260 _bGÜNIŞIĞI KİTAPLIĞI YAYINLARI
999 _c1235328
_d1235328